| 000 | 00408nam a2200181Ia 4500 | ||
|---|---|---|---|
| 008 | 230512s9999 xx 000 0 und d | ||
| 041 | _aeng | ||
| 082 | _a6.6 | ||
| 100 | _aHEARN D / BAKER M P | ||
| 245 | _aCOMPUTER GRAPHICS | ||
| 250 | _a2 | ||
| 260 | _bP H I PVT. LTD. NEW DELHI 110001 | ||
| 300 | _a652 | ||
| 365 | _b355.5 | ||
| 500 | _aPaper Back | ||
| 520 | _aText Book | ||
| 650 | _aComputer | ||
| 999 |
_c401102 _d401102 |
||